000 00463 a2200157 4500
999 _c1325
_d1325
020 _a9788131732182
050 _aHF5691 TRI 2011
100 _aTrivedi, Kashyap
_eauthor
245 _aBusiness mathematics /
_cKashyap Trivedi and Chirag Trivedi
264 _aNew Delhi :
_bPearson Education,
_c2011
300 _aviii, 717p. :
500 _aIncludes index
650 _aBusiness mathematics
700 _aTrivedi, Chirag
_eauthor
942 _2lcc
_cBK
_h5691
_iTRI
_kHF